Polizeiliche Kriminalstatistik / 54. 2006

Gespeichert in:  
Bibliographische Detailangaben
Medienart: Druck Buch
Sprache:Deutsch
Veröffentlicht: 2007
In: Polizeiliche Kriminalstatistik Bundesrepublik Deutschland
Jahr: 2007
Bestand in Tübingen:In Tübingen vorhanden.
IFK: H III 2
Verfügbarkeit prüfen: HBZ Gateway
Subito Bestelldienst: Jetzt bestellen.

MARC

LEADER 00000cam a2200000 cc4500
001 1336329211
003 DE-627
005 20250415153519.0
007 tu
008 070705s2007 xx ||||| 00| ||ger c
035 |a (DE-627)1336329211 
035 |a (DE-576)266329217 
035 |a (DE-599)BSZ266329217 
040 |a DE-627  |b ger  |c DE-627  |e rakwb 
041 |a ger 
245 0 0 |a Polizeiliche Kriminalstatistik  |n 54. 2006 
264 1 |c 2007 
336 |a Text  |b txt  |2 rdacontent 
337 |a ohne Hilfsmittel zu benutzen  |b n  |2 rdamedia 
338 |a Band  |b nc  |2 rdacarrier 
773 1 8 |a Polizeiliche Kriminalstatistik Bundesrepublik Deutschland  |w (DE-627)129529672  |w (DE-576)014953188  |w (DE-600)214613-7  |x 0943-4674  |g 54. 2006  |q 2006,54  |7 nnas 
935 |h SWB  |i vSatz 
951 |a JV 
ELC |b 1 
LOK |0 000 xxxxxcx a22 zn 4500 
LOK |0 001 2538879701 
LOK |0 003 DE-627 
LOK |0 004 1336329211 
LOK |0 005 20090429080647 
LOK |0 008 070725||||||||||||||||ger||||||| 
LOK |0 040   |a DE-21-110  |c DE-627  |d DE-21-110 
LOK |0 541   |e 07/232a 
LOK |0 852   |a DE-21-110 
LOK |0 852 1  |c H III 2  |m p  |9 00 
LOK |0 936ln  |a 6.1.3 
LOK |0 938   |k p 
LOK |0 939   |a 25-07-07  |b l01 
LOK |0 000 xxxxxcx a22 zn 4500 
LOK |0 001 2538879809 
LOK |0 003 DE-627 
LOK |0 004 1336329211 
LOK |0 005 20090429080647 
LOK |0 008 070725||||||||||||||||ger||||||| 
LOK |0 040   |a DE-21-110  |c DE-627  |d DE-21-110 
LOK |0 541   |e 07/232b 
LOK |0 852   |a DE-21-110 
LOK |0 852 1  |c H III 2  |m p  |9 00 
LOK |0 936ln  |a 6.1.3 
LOK |0 938   |k p 
LOK |0 939   |a 25-07-07  |b l02 
LOK |0 000 xxxxxcx a22 zn 4500 
LOK |0 001 2538879884 
LOK |0 003 DE-627 
LOK |0 004 1336329211 
LOK |0 005 20090429080647 
LOK |0 008 070725||||||||||||||||ger||||||| 
LOK |0 040   |a DE-21-110  |c DE-627  |d DE-21-110 
LOK |0 541   |e 07/232c 
LOK |0 852   |a DE-21-110 
LOK |0 852 1  |c H III 2  |m p  |9 00 
LOK |0 936ln  |a 6.1.3 
LOK |0 938   |k p 
LOK |0 939   |a 25-07-07  |b l03 
ORI |a SA-MARC-krimdoka001.raw 
SIG |a IFK: H III 2 
SIG |a IFK: H III 2 
SIG |a IFK: H III 2